| 000 | 00597nam a2200121Ia 4500 | ||
|---|---|---|---|
| 008 | 171212s9999 xx 000 0 und d | ||
| 020 | _a9780833078513 | ||
| 100 | _aMeadows, Sarah O.;Miller, Laura L.;Miles, Jeremy N. V.;Gonzalez, Gabriella C.;Dues, Brandon T. | ||
| 245 |
_cMeadows, Sarah O.;Miller, Laura L.;Miles, Jeremy N. V.;Gonzalez, Gabriella C.;Dues, Brandon T. _aExploring the Association Between Military Base Neighborhood Characteristics and Soldiers' and Airmen's Outcomes |
||
| 260 |
_bRAND Corporation _c2013 |
||
| 650 | _aBusiness | ||
| 856 | _uwww.jstor.org/stable/10.7249/j.ctt3fh17x | ||
| 999 |
_c352065 _d352065 |
||